| 000 | 00720nam a2200229 i 4500 | ||
|---|---|---|---|
| 001 | bg | ||
| 100 | 1 | _aSUCHAŃSKI, Jerzy. | |
| 245 | 1 | 0 |
_aZbiór zadań testowych z elektrotechniki teoretycznej. _nCz. 6 / _cJerzy Suchański. |
| 250 | _a[Wyd. 2]. | ||
| 260 |
_aKielce : _bWydaw. PŚ, _c1998. |
||
| 300 |
_a73 s. : _brys., wykr. ; _c23 cm. |
||
| 490 | 1 |
_aSkrypty / Politechnika Świętokrzyska, _x0239-6386 ; _vnr 329 |
|
| 504 | _aBibliogr. s. 72. | ||
| 650 | 9 |
_aElektrotechnika _xteoria |
|
| 655 | _aĆwiczenia i zadania | ||
| 830 | 0 |
_aSkrypty (Politechnika Świętokrzyska) ; _vnr 329 |
|
| 040 | _cBPK | ||
| 041 | 0 | _apl | |
| 080 | _a621.3(075.8)(076) | ||
| 942 | _cKS | ||
| 008 | s pl f |000 0 pol | ||
| 999 |
_c37759 _d37759 |
||
| 856 |
_uhttp://koha.tu.koszalin.pl/cgi-bin/koha/opac-detail.pl?biblionumber=37759 _yKatalog online BPK |
||